Ανάπτυξη προγράμματος περιβαλλοντικής εκπαίδευσης στο σχολείο με την υλοποίηση διαθεματικού σχεδίου εργασίας με θέμα το δάσος του Αγίου Σουλά και οι κίνδυνοι που το απειλούν : διπλωματική εργασία [μεταπτυχιακή εργασία]

Αποθηκεύτηκε σε:
Λεπτομέρειες βιβλιογραφικής εγγραφής
Κύριος συγγραφέας: Χατζηβάσιλα, Βασιλεία
Συγγραφή απο Οργανισμό/Αρχή: Πανεπιστήμιο Αιγαίου Σχολή Ανθρωπιστικών Επιστημών Τμήμα Επιστημών της Προσχολικής Αγωγής και του Εκπαιδευτικού Σχεδιασμού Πρόγραμμα Μεταπτυχιακών Σπουδών Περιβαλλοντική Εκπαίδευση
Άλλοι συγγραφείς: Κοντάκος, Αναστάσιος (Εισηγητής διατριβής)
Μορφή: Thesis Βιβλίο
Γλώσσα:Greek
Δημοσίευση: 2010
Θέματα:
Διαθέσιμο Online:http://hdl.handle.net/11610/15875
Ετικέτες: Προσθήκη ετικέτας
Δεν υπάρχουν, Καταχωρήστε ετικέτα πρώτοι!

MARC

LEADER 00000cam a2200000 i 4500
001 1/14597
008 110809s2010 gre d
035 |l 10110641 
040 |a GR-MY-UA  |b gre  |e aacr 
041 0 |a gre 
082 0 |a 372.3  |2 (22) 
100 1 |a Χατζηβάσιλα, Βασιλεία. 
245 1 0 |a Ανάπτυξη προγράμματος περιβαλλοντικής εκπαίδευσης στο σχολείο με την υλοποίηση διαθεματικού σχεδίου εργασίας με θέμα το δάσος του Αγίου Σουλά και οι κίνδυνοι που το απειλούν :  |b διπλωματική εργασία [μεταπτυχιακή εργασία] /  |c Χατζηβάσιλα Βασιλεία ; επιβλέπων: Αναστάσιος Κοντάκος 
260 |c 2010 
300 |a 215 σ.;  |b πιν., εικ.;  |c 30 εκ. 
500 |a Μέλη εξεταστικής επιτροπής: Εμμανουήλ Κόνσολας, Κωνσταντίνα Σκαναβή 
502 |a Διατριβή (μεταπτυχιακή) – Πανεπιστήμιο Αιγαίου, Ρόδος, 2010. 
504 |a Βιβλιογραφία: σ. 208-215 
650 0 |a Environmental education  |z Greece  |z Rhodes (Island) 
650 0 0 |a Environmental education  |x Activity programs  |x Case studies. 
650 0 0 |a Environmental education  |x Activity programs  |z Greece  |z Rhodes (Island) 
650 0 0 |a Teaching  |x Methods. 
650 0 |a Curriculum planning  |z Greece  |z Rhodes (Island) 
650 0 |a Forest ecology  |z Greece  |z Rhodes (Island) 
650 0 0 |a Forest protection  |z Greece  |z Rhodes (Island) 
650 0 0 |a Dissertations, Academic  |z Greece. 
700 1 |a Κοντάκος, Αναστάσιος.  |4 ths 
710 2 |a Πανεπιστήμιο Αιγαίου  |b Σχολή Ανθρωπιστικών Επιστημών  |b Τμήμα Επιστημών της Προσχολικής Αγωγής και του Εκπαιδευτικού Σχεδιασμού  |b Πρόγραμμα Μεταπτυχιακών Σπουδών Περιβαλλοντική Εκπαίδευση. 
852 |a INST  |b RHODES  |c DIATR  |e 20110809  |h 372.3 ΧΑΤ  |p 005400033328  |q 005400033328  |t MTXE  |y 23 
852 |a INST  |b RHODES  |c DIATR  |e 20110809  |h 372.3 ΧΑΤ  |p 005400033597  |q 005400033597  |t MTXE  |y 23 
856 |u http://hdl.handle.net/11610/15875 
901 |a BIBL4-2011-2 
909 |a Ρ  |b 163916 
909 |a Ρ  |b 163917 
924 |a ΧΑΤΖΗΒΑΣΙΛΑ  |b ΒΑΣΙΛΕΙΑ  |y ΡΟΔΟΣ  |z 2011-08 
970 |z 2010/05/